Statistics for US State by Cities

Click here to take the quiz!

General Stats

  • This quiz has been taken 857 times
  • The average score is 20 of 25

Answer Stats

Cities State % Correct
Corpus Christi, Amarillo, San MarcosTexas
93%
Yuma, Flagstaff, ScottsdaleArizona
92%
Birmingham, Gulf Shores, AuburnAlabama
90%
Las Cruces, Roswell, AlamogordoNew Mexico
87%
Portland, Bangor, Bar HarborMaine
86%
Chattanooga, Pigeon Forge, KnoxvilleTennessee
86%
Akron, Toledo, CantonOhio
86%
Ann Arbor, Kalamazoo, FlintMichigan
85%
Augusta, Athens, GainesvilleGeorgia
85%
Myrtle Beach, Greenville, SumervilleSouth Carolina
83%
Norfolk, Chesapeake, RoanokeVirginia
83%
Fargo, Abercrombie, Grand ForksNorth Dakota
83%
Fairbanks, Ketchikan, SitkaAlaska
82%
New Haven, Bridgeport, WaterburyConnecticut
81%
Hershey, Erie, LancasterPennsylvania
80%
Lexington, Owensboro, CovingtonKentucky
80%
Minnetonka, Rochester, St. CloudMinnesota
78%
Worcester, Salem, QuincyMassachusetts
75%
Auburn, Renton, Walla WallaWashington
71%
Casper, Laramie, SheridanWyoming
70%
Stillwater, Norman, Broken ArrowOklahoma
65%
Fayetteville, Hot Springs, ConwayArkansas
63%
Coeur d'Alene, Pocatello, Sun ValleyIdaho
60%
Henderson, Boulder City, SummerlinNevada
56%
Garden City, Lawrence, ManhattanKansas
53%

Score Distribution

Percentile by Number Answered

Percent of People with Each Score

Your Score History

You have not taken this quiz